=LDR 00000nam 2200000 4500 =001 INLIS000000000031098 =005 20210805085607 =035 ##$$a 0010-061300000031098 =008 210805################g##########0#ind## =041 ##$$a ind =082 ##$$a 2x5.2 =090 ##$$a 2x5.2, Alj O =100 ##$$a Al-Jauziah, Ibnu Qayyim =245 1#$$a Obat hati : $b Antara terapi Ibnu Qayyim dan Ilusi kaum Sufi /$c Ibnu Qayyim Al-Jauziah; penerjemah, Tajuddin =260 ##$$a Jakarta :$b Darul Haq,$c 2007 =300 ##$$a xviii,515 hlm ; $c 25 x 16 cm. =650 #4$$a TASAWUF =700 #$$a Tajudin =850 ##$$a NBPNMAT =020 ##$$a 978-979-1254-18-2 =084 ##$$a 2x5.2 Alj o =990 ##$$a 20901240 =990 ##$$a 20901239